Bundesliga 2024-2025 Top scorers - Statistics

General Stats
  • This quiz has been taken 98 times
  • The average score is 11 of 12
Answer Stats
Goals Nationality Team Player % Correct
26 England Bayern Munich Harry Kane
100%
15 Egypt Eintracht Frankfurt Omar Marmoush
98%
21 Czechia Bayer Leverkusen Patrik Schick
98%
21 Guinea Borussia Dortmund Serhou Guirassy
98%
12 France Bayern Munich Michael Olise
94%
12 Germany Bayern Munich Jamal Musiala
90%
13 Slovenia RB Leipzig Benjamin Šeško
89%
15 France Eintracht Frankfurt Hugo Ekitike
84%
16 Germany Borussia Mönchengladbach Tim Kleindienst
82%
15 Bosnia and Herzegovina VfB Stuttgart Ermedin Demirović
81%
12 Germany VfB Stuttgart Nick Woltemade
79%
18 Germany Mainz 05 Jonathan Burkardt
75%
No matching quizzes found
Score Distribution
Percent of People with Each Score
Percentile by Number Answered
Your Score History
You have not taken this quiz